Dictionnaire des mathématiques modernes

Sách là quyển từ điển giới thiệu về từ và nghĩa chuyên ngành toán học.

Сохранить в:
Библиографические подробности
Главный автор: Chambadal, Lucien
Формат:
Язык:Undetermined
Опубликовано: Paris Larousse 1969
Предметы:
Метки: Добавить метку
Нет меток, Требуется 1-ая метка записи!
Thư viện lưu trữ: Trung tâm Học liệu Trường Đại học Cần Thơ
LEADER 00600nam a2200193Ia 4500
001 CTU_1112
008 210402s9999 xx 000 0 und d
082 |a 510.3 
082 |b C442 
100 |a Chambadal, Lucien 
245 0 |a Dictionnaire des mathématiques modernes 
245 0 |c Lucien Chambadal 
260 |a Paris 
260 |b Larousse 
260 |c 1969 
520 |a Sách là quyển từ điển giới thiệu về từ và nghĩa chuyên ngành toán học. 
650 |a Mathematics 
904 |i Minh 
980 |a Trung tâm Học liệu Trường Đại học Cần Thơ